Music Quiz

Random Music or Artist Quiz

VH1 100 Greatest Love Songs (Clips) Quiz Stats

 Plays Quiz Updated Dec 25, 2016

Challenge
Share
Tweet
Score 0/100 Timer 20:00
3 Plays Today
Start Time & Rank Song % Correct
3 (0:12)My Heart Will Go On
89.4%
1 (0:00)I Will Always Love You
81.8%
10 (0:54)I Don't Want To Miss A Thing
79.8%
22 (2:06)You're The One That I Want
77.2%
79 (7:48)I'll Be
75.2%
8 (0:42)Your Song
74.5%
21 (2:00)I Got You Babe
73.9%
45 (4:24)(I've Had) The Time Of My Life
70.9%
6 (0:30)Unchained Melody
70.3%
9 (0:48)I'll Be There
69.4%
38 (3:42)Don't Speak
68.3%
80 (7:54)Sweet Child O' Mine
66.2%
85 (8:24)Time After Time
64.9%
82 (8:06)Total Eclipse Of The Heart
64.4%
46 (4:30)Un-Break My Heart
63.8%
34 (3:18)Everything I Do (I Do It For You)
63.7%
14 (1:18)Nothing Compares 2 U
62.9%
56 (5:30)I'll Stand By You
58.4%
67 (6:36)Iris
57.1%
69 (6:48)More Than A Feeling
56%
25 (2:24)Wonderful Tonight
54.6%
44 (4:18)More Than Words
53.6%
100 (9:54)Hero
50.5%
55 (5:24)Fallin'
50%
29 (2:48)Let's Get It On
48.1%
86 (8:30)Careless Whisper
47.7%
7 (0:36)Endless Love
47.3%
84 (8:18)I'll Make Love To You
47.3%
41 (4:00)You're Still The One
47.1%
4 (0:18)Open Arms
46%
35 (3:24)Keep On Loving You
45.7%
76 (7:30)Baby, I Love Your Way
45.6%
24 (2:18)Unforgettable
44.4%
62 (6:06)Alone
44.2%
Start Time & Rank Song % Correct
58 (5:42)I Want To Know What Love Is
43.4%
13 (1:12)How Deep Is Your Love
43.2%
72 (7:06)Whole Lotta Love
42.9%
39 (3:48)Crazy For You
39.8%
2 (0:06)Love Me Tender
39.7%
89 (8:48)Thank You
39.6%
19 (1:48)In Your Eyes
39.4%
71 (7:00)I Think I Love You
39.1%
54 (5:18)Mandy
38.6%
18 (1:42)Breathe
38.5%
68 (6:42)Eternal Flame
37.5%
60 (5:54)Faithfully
37.1%
51 (5:00)Always
36.9%
43 (4:12)I'd Do Anything For Love (But I Won't Do That)
36.8%
31 (3:00)Because You Loved Me
36.5%
5 (0:24)Maybe I'm Amazed
36.1%
40 (3:54)I'll Be There For You
35.9%
81 (8:00)Islands In The Stream
35.6%
94 (9:18)We Belong
35.6%
26 (2:30)You Are So Beautiful
35%
47 (4:36)Let's Stay Together
33.8%
11 (1:00)Every Rose Has Its Thorn
33.3%
30 (2:54)Always On My Mind
31.3%
64 (6:18)How Do I Live
31.2%
27 (2:36)Babe
29.1%
83 (8:12)Wicked Game
29%
42 (4:06)Beth
28%
12 (1:06)At Last
27.7%
96 (9:30)It Must Have Been Love
27.5%
17 (1:36)Fly Me To The Moon
26.9%
16 (1:30)She's Got A Way
26.6%
20 (1:54)If You Leave Me Now
26.3%
63 (6:12)To Be With You
25.2%
88 (8:42)Is This Love
24.8%
Start Time & Rank Song % Correct
32 (3:06)You Are The Sunshine Of My Life
24.2%
59 (5:48)Best Of My Love
24.1%
90 (8:54)I Want You To Want Me
23.6%
33 (3:12)Woman
23.2%
50 (4:54)I Can't Make You Love Me
23%
65 (6:24)I Melt With You
22.6%
93 (9:12)All Out Of Love
21.3%
70 (6:54)Never Tear Us Apart
20.7%
91 (9:00)Back At One
20.5%
48 (4:42)I Would Die 4 U
20.3%
23 (2:12)You Don't Bring Me Flowers
20.1%
74 (7:18)Save The Best For Last
17.9%
61 (6:00)Three Times A Lady
16.9%
36 (3:30)Superstar
16.8%
53 (5:12)Love Bites
16.7%
28 (2:42)You're In My Heart (The Final Acclaim)
16.6%
15 (1:24)I Honestly Love You
16.5%
75 (7:24)I Feel For You
16.4%
92 (9:06)Alison
16.2%
95 (9:24)This I Promise You
14%
87 (8:36)Secret Garden
13.7%
57 (5:36)The First Time Ever I Saw Your Face
13.6%
73 (7:12)Love Will Keep Us Together
13%
52 (5:06)That's The Way Love Goes
10.9%
37 (3:36)You're The First, The Last, My Everything
10.7%
66 (6:30)Here And Now
10.5%
99 (9:48)I Need Love
8.9%
97 (9:36)I Just Want To Be Your Everything
7.7%
49 (4:48)By Your Side
6.5%
77 (7:36)Love To Love You Baby
6.2%
78 (7:42)All Cried Out
5.2%
98 (9:42)Nobody Wants To Be Lonely
4.2%

You're not logged in!

Compare scores with friends on all Sporcle quizzes.
OR
Log In

You Might Also Like...

Show Comments

Extras

Top Quizzes Today


Score Distribution

Your Account Isn't Verified!

In order to create a playlist on Sporcle, you need to verify the email address you used during registration. Go to your Sporcle Settings to finish the process.

Report this User

Report this user for behavior that violates our Community Guidelines.

Details: